00545nmm a2200157Ia 4500008004100000020001800041041000800059100003700067245009200104264005500196300001800251650004300269856005100312942000700363999001700370251105s9999||||xx |||||||||||||||||und|| a9789560101877 aspa aMolina Hernández, Jorge Javier 0aHistoria del velero chileno Confederación : de Valparaíso a California, 1836 a 1850 a[Santiago de Chile, Chile] :bRil editores, c2015 a126 páginas aHistory of the Americas: Latin America uhttps://public.digitaliapublishing.com/a/37337 cCF c93693d93693